00810 2200301 4500001002100000005001500021035002000036007000300056040001700059100003800076245005700114250001000171300003400181041000800215082001000223084001600233090002100249264004200270336002100312337003000333338002300363650002000386850001000406008004100416504002500457990001300482990001300495INLIS00000000000947220260420095414 a0010-1222000077ta aSBPUPADbind0 aSuwarman Partosuwiryo:ePengarang1 aRagam Alat Tangkap Lobster /cSuwarman Partosuwiryo; aCet.1 aiii 60 hlm. :bilus. ;c15 cm0 aind a639.2 a639.2 SUW r a746.2 TAS k 22-9 aYogyakarta :bCitra Aji Parama,c2008 2rdacontentateks 2rdamediaatanpa perantara 2rdacarrieravolume 4aTeknik Terampil aPUPAD260420 0  abibiliografi, hlm 60 a551/kapd a550/kapd